Sleeping beauty [

Bibliographic Details
Format: Book
Published: Singapore : The Walt Disney Company , 1993
Subjects:

MARC

LEADER 00000cam a2200000 7i4500
001 0000002373
002 000002583
005 20000330.0
020 |a T000000254 
090 0 0 |a JF   |b SLE 
245 0 0 |a Sleeping beauty [  |h soundcassette] 
260 |a Singapore :   |b The Walt Disney Company ,   |c 1993 
300 |a 1 soundcassette   |e 1 book 
650 0 0 |a Children's stories 
999 |a 00138   |b KASET   |c PINJAMAN   |e PERPUSTAKAAN KOMUNITI PETALING JAYA 
999 |a KT0093   |b BUKU   |c PINJAMAN   |e PERPUSTAKAAN KOMUNITI PETALING JAYA